000 nam a22 7a 4500
999 _c10269
_d10269
008 180213b ||||| |||| 00| 0 eng d
100 _aSinmgh, A, P
_96249
245 _aLab Mathematics class- VI
260 _aNew Delhi
_bS Dinesh Publication
_c2013